|
|
|
|
| LEADER |
01729nam a2200433 a 4500 |
| 001 |
nkc20071727839 |
| 003 |
CZ PrNK |
| 005 |
20070810084945.0 |
| 007 |
ta |
| 008 |
070716s2006 xr ah e f 000 0 cze |
| 015 |
|
|
|a cnb001727839
|
| 020 |
|
|
|q (Skládanka)
|
| 040 |
|
|
|a BOA001
|b cze
|
| 043 |
|
|
|a e-xr---
|b e-xr-jc
|2 czenas
|
| 072 |
|
7 |
|a 027
|x Univerzální knihovny. Veřejné knihovny. Soukromé knihovny
|2 Konspekt
|9 12
|
| 080 |
|
|
|a 726.71:27-789.43
|2 MRF
|
| 080 |
|
|
|a 027.2
|2 MRF
|
| 080 |
|
|
|a 930.85:08/09
|2 MRF
|
| 080 |
|
|
|a (437.319)
|2 MRF
|
| 080 |
|
|
|a (036)
|2 MRF
|
| 100 |
1 |
|
|a Poláková, Monika
|7 mzk2006377707
|4 aut
|
| 245 |
1 |
0 |
|a Klášterní knihovna :
|b Klášter premonstrátů v Milevsku /
|c [text Monika Poláková, Pavel Břicháček]
|
| 246 |
3 |
0 |
|a Klášter premonstrátů v Milevsku
|
| 260 |
|
|
|a Milevsko :
|b Vydal Milevský kraj ve spolupráci s Řeholním domem premonstrátů,
|c 2006
|
| 300 |
|
|
|a [8] s. :
|b barev. il., faksim. ;
|c 21 cm
|
| 610 |
2 |
7 |
|a Klášter premonstrátů (Milevsko, Česko).
|b Knihovna
|7 mzk2007378571
|2 czenas
|
| 650 |
0 |
7 |
|a premonstrátské kláštery
|7 ph124588
|z Česko
|2 czenas
|
| 650 |
0 |
7 |
|a klášterní knihovny
|7 ph121646
|z Česko
|2 czenas
|
| 650 |
0 |
7 |
|a knižní kultura
|7 ph114932
|z Česko
|2 czenas
|
| 651 |
|
7 |
|a Milevsko (Česko)
|7 ge130011
|2 czenas
|
| 655 |
|
7 |
|a informační publikace
|7 fd132454
|2 czenas
|
| 700 |
1 |
|
|a Břicháček, Pavel,
|d 1953-
|7 jo2002102400
|4 aut
|
| 710 |
2 |
|
|a Řeholní dům premonstrátů (Milevsko, Česko)
|7 mzk2007378488
|
| 910 |
2 |
|
|a BOA001
|b 2-1189.260
|
| 928 |
9 |
|
|a Milevský kraj
|
| 990 |
|
|
|a BK
|
| 995 |
|
|
|a 60
|
| 991 |
|
|
|b 200708
|c NOV
|
| 996 |
6 |
|
|b 2610316560
|c 2-1189.260
|l MZK
|r Sklad / do 1 hodiny
|n 2
|p p.v.
|w 000857289
|u 000010
|a 1
|e BOA001
|j MZK50
|s P
|